Boswell's Life of Johnson : Together with g Boswell's Journal of a tour to the Hebrides and Johnson's Diary of a journey into north Wales. Ed. by G.B. Hill. (Record no. 24474)
[ view plain ]
| 000 -LEADER | |
|---|---|
| fixed length control field | 00992nam a22002533 4500 |
| 001 - CONTROL NUMBER | |
| control field | 24474 |
| 003 - CONTROL NUMBER IDENTIFIER | |
| rucl marc code | BD-RjUL |
| 005 - DATE AND TIME OF LATEST TRANSACTION | |
| control field | 20211209001045.0 |
| 008 - FIXED-LENGTH DATA ELEMENTS--GENERAL INFORMATION | |
| fixed length control field | 140313s1950 enk 000 0 |
| 035 7# - SYSTEM CONTROL NUMBER | |
| System control number | (BD-RjUL)24541 |
| 040 ## - CATALOGING SOURCE | |
| Original cataloging agency | BD-RjUL |
| Language of cataloging | eng |
| Transcribing agency | BD-RjUL |
| 041 ## - LANGUAGE CODE | |
| Language code of text/sound track or separate title | eng |
| 082 ## - DEWEY DECIMAL CLASSIFICATION NUMBER | |
| Classification number | 824.6 |
| Author mark and year | BOB V-6 1950 |
| 100 1# - MAIN ENTRY--PERSONAL NAME | |
| Personal name | Boswell, James |
| Dates associated with a name | 1740-1795. |
| 9 (RLIN) | 75342 |
| 245 10 - TITLE STATEMENT | |
| Title | Boswell's Life of Johnson : Together with g Boswell's Journal of a tour to the Hebrides and Johnson's Diary of a journey into north Wales. Ed. by G.B. Hill. |
| Number of part/section of a work | VOLUME VI . |
| Name of part/section of a work | INDEX TABLE OF ANONYMOUS PERSONS BIBLIOGRAPHY ,ERRATA. |
| 260 ## - PUBLICATION, DISTRIBUTION, ETC. (IMPRINT) | |
| Place of publication, distribution, etc. | Oxf. |
| Date of publication, distribution, etc. | 1950 |
| Name of publisher, distributor, etc. | AT THE CLARENDON PRESS. |
| 300 ## - PHYSICAL DESCRIPTION | |
| Pagination | 484 p. : |
| Size | 22 cm. |
| 600 17 - SUBJECT ADDED ENTRY--PERSONAL NAME | |
| Personal name | Johnson, Samuel |
| Dates associated with a name | 1709-1784 |
| 690 00 - LOCAL SUBJECT ADDED ENTRY--TOPICAL TERM (OCLC, RLIN) | |
| Topical term or geographic name as entry element | English literature |
| 700 1# - ADDED ENTRY--PERSONAL NAME | |
| Personal name | Hill, George Birkbeck N. |
| Relator term | ed. |
| Personal name | Johnson, Samuel, |
| Dates associated with a name | 1709-1784. |
| 752 ## - ADDED ENTRY--HIERARCHICAL PLACE NAME | |
| Country or larger entity | England |
| City | Oxford |
| 942 ## - ADDED ENTRY ELEMENTS (KOHA) | |
| Source of classification or shelving scheme | Dewey Decimal Classification |
| Koha item type | Books |
| Lost status | Source of classification or shelving scheme | Damaged status | Not for loan | Collection code | Permanent Location | Current Location | Shelving location | Date acquired | Source of acquisition | Cost, normal purchase price | Total Checkouts | Full call number | Date last seen | Copy number | Koha item type |
|---|---|---|---|---|---|---|---|---|---|---|---|---|---|---|---|
| Dewey Decimal Classification | Added to bundle | Non-fiction | Central Library, University of Rajshahi | Central Library, University of Rajshahi | Reading Room | 08/08/1955 | O.U.P | 42.00 | 824.6 BOB V-6 1950 | 13/03/2014 | C-1 | Books |